000 00875cam a22002174a 4500
005 20250605163959.0
008 250528s ||||||||||||||||||||||||d
035 _a15567
020 _a133678067
040 _aGR-AtMCL
_bgre
_dGR-AtMCL
_eAACR2
245 1 _aThe Essence of Program Design / Essence of Computing
260 _bPrentice Hall,
_c1997
300 _a194
520 _aA complete introduction to the varied range of design methods that are available. Foreword, Acknowledgements, Preface, Introduction, Structured Programming, Functional Decomposition, The Michael Jackson Program Design Method, Data Flow Design, Object-Oriented Design, Formal Methods, Design Notations, Design Guidelines, Review, Index.
700 1 _aBell Douglas
_91518
700 1 _aMorrey Ian
_91516
700 1 _aPugh John
_91517
942 _cBK
999 _c1137
_d1137